Statistics for Finish the Hamilton Lyrics #2

Click here to take the quiz!

General Stats

  • This quiz has been taken 62 times
  • The average score is 40 of 50

Answer Stats

HintAnswer% Correct
Burr: That depends, who's ______?asking
100%
I'm Alexander Hamilton, I'm at your _______, sirservice
100%
I have been _______ for youlooking
98%
Burr: I'm getting _______Nervous
98%
I may ____ punched himhave
96%
He ______ at me like I was stupid, I'm not stupidlooked
96%
Talk ____less
95%
Smile ____more
95%
Burr: Can I ___ you a drink?buy
93%
Burr: It was my parents' _____ wish before they passeddying
93%
You wanna ___ ahead?get
93%
So how'd you do it? How'd you ________ so fast?graduate
93%
Burr: You _______ the bursar?punched
93%
Don't let ____ know what you're against or what you're forthem
93%
It's a ____, sirblur
91%
Mulligan: Brrah, brrah! I am ______ MulliganHercules
91%
Hamilton: That would be ____nice
91%
Hamilton: You're an ______? Of course!orphan
91%
Hamilton: _______ me, are you Aaron Burr, sir?Pardon
91%
When I got sort of out of sorts with a ______ of yoursbuddy
89%
Laurens: I'm John Laurens in the _____ to beplace
88%
Lafayette: Oui oui, mon ami, je m'appelle ________Lafayette
86%
He handles the ________?financials
84%
Burr: While we're ______, let me offer you some free advicetalking
82%
All: Ooh, ___ you? Who you? Who are you?who
82%
Hamilton: If you stand for nothing, Burr, what'll you ____ for?fall
80%
_____ who run their mouths off wind up deadfools
80%
I'm an orphan, ___, I wish there was a warGod
79%
Tell the ____, "Casse toi!" Who's the best? C'est moi!King
79%
Ooh, who is this kid? What's he _____ do?gonna
77%
I _____ your mother said, "Come again?" (Ayy)heard
77%
Laurens: No more sex, pour me another brew, ___son
77%
Hamilton: Sir, I heard your name at Princeton, I was seeking an _________ course of studyaccelerated
75%
Then we could prove that we're worth more than anyone _________ forbargained
75%
Let's _____ a couple more to the revolutionraise
75%
I came from ____ just to say, "Bonsoir"afar
73%
Those _______ don't want it with meredcoats
73%
Of course it's hard to have intercourse over four sets of ______ (wow)corsets
71%
You spit, I'ma ___, we'll see where we land (boo)sit
70%
Two _____ o' Sam Adams, but I'm workin' on threepints
68%
Aaron Burr, give us a _____, drop some knowledgeverse
68%
Hamilton:Yes! I wanted to do what you did, graduate in ___, then join the revolutiontwo
66%
Lock up ya ________ and horsesdaughters
64%
The _______ of the revolutionary setLancelot
64%
Burr: Good luck with that, you're takin' a _____stand
64%
Hamilton: Oh, ____ sure, sirwell
64%
Laurens: Burr, the revolution's _______, what do you stall for?imminent
52%
Well, if it ain't the _______ of Princeton collegeprodigy
52%
Up in it, lovin' it, ___yes
52%
'Cause I will pop chick-a pop these ____ 'til I'm free!cops
43%

Score Distribution

Percentile by Number Answered

Percent of People with Each Score

Your Score History

You have not taken this quiz